01067cam a22002651 450000100060000000300080000600500170001400800410003103500190007203500180009104000410010904100080015008200280015810000340018624500870022026000660030730000510037349000700042450400300049465000580052465100450058294200120062799900170063995201450065610561BD-RjUL20211208234957.0140125s1964 iluab b 000 0 eng  a(BD-RjUL)10609 a(OCoLC)166927 aDLCcODaWUdOCoLCdDLCdBD-RjULbeng aeng00a551.31209218bMAC 19641 aMarcus, Melvin Gerald.93264810aClimate-glacier studies in the Juneau Ice Field region, Alaska /cMelvin G Marcus. aChicago :bUniversity of Chicago, Dept. of Geography,cc1964. aix, 128 p. :billus., maps (1 fold.) ;c23 cm.1 aUniversity of Chicago. Dept. of Geography. Research papervno. 88 aBibliography: p. 121-128. 0aMeteorologyzJuneau Icefield (Alaska and B.C.)932649 0aJuneau Icefield (Alaska and B.C.)932650 2ddccBK c10561d10561 00102ddc4071aRUCLbRUCLcReadingd1967-06-03eSweels & Zeitlingerg3.00l0o551.31209 MAC 1964r2014-01-25 00:00:00tC-1w2014-01-25yBK